[Event "25th Abu Dhabi Master 2018"]
[Site "Abu Dhabi"]
[Date "2018.08.13"]
[Round "7"]
[White "Pranav, Anand"]
[Black "Sjugirov, Sanan"]
[Result "0-1"]
[WhiteElo "2260"]
[BlackElo "2677"]
[Annotator "TA"]
[PlyCount "108"]
[EventDate "2018.08.05"]
[EventType "swiss"]
[EventCountry "UAE"]
[SourceTitle "playchess.com"]
[Source "ChessBase"]
[SourceQuality "1"]

1. d4 d6 2. e4 Nf6 3. Nc3 g6 4. Nf3 Bg7 5. h3 O-O 6. Be3 a6 7. a4 Nc6 8. d5 Nb4 9. Bc4 e6 10. O-O exd5 11. exd5 c5 12. Rc1 Bf5 13. Nd2 Rb8 14. Nb3 b6 15. Bg5 h6 16. Bh4 g5 17. Bg3 Re8 18. Nd2 Qd7 19. Na2 Nxa2 20. Bxa2 Qxa4 21. Bb3 Qd7 22. Ra1 a5 23. c4 Qc7 24. Qf3 Bg6 25. Rfe1 Nh5 26. Ba4 Rxe1+ 27. Rxe1 Nxg3 28. Qxg3 Bxb2 29. f4 gxf4 30. Qxf4 Kg7 31. Nf3 Rg8 32. Nh4 Be5 33. Qf3 Qe7 34. Nxg6 fxg6 35. Rf1 Bd4+ 36. Kh1 Rf8 37. Qxf8+ Qxf8 38. Rxf8 Kxf8 39. Kh2 Bf2 40. g4 Ke7 41. Kg2 Be1 42. Kf3 Kf6 43. Ke4 Kg5 44. Kf3 Kh4 45. Kg2 Bc3 46. Be8 Bd4 47. Bd7 h5 48. Kf3 b5 49. cxb5 c4 50. Ke4 Bb6 51. gxh5 gxh5 52. Kf3 a4 53. Bf5 a3 54. Bb1 c3 0-1

[Event "25th Abu Dhabi Master 2018"]
[Site "Abu Dhabi"]
[Date "2018.08.13"]
[Round "7"]
[White "Krishnater, Kushager"]
[Black "Anand, Nadar"]
[Result "1/2-1/2"]
[WhiteElo "2256"]
[BlackElo "2377"]
[Annotator "TA"]
[PlyCount "35"]
[EventDate "2018.08.05"]
[EventType "swiss"]
[EventCountry "UAE"]
[SourceTitle "playchess.com"]
[Source "ChessBase"]
[SourceQuality "1"]

1. d4 Nf6 2. c4 e6 3. Nf3 d5 4. Nc3 Bb4 5. Bg5 Nbd7 6. cxd5 exd5 7. Nd2 c6 8. e3 O-O 9. Bd3 Qa5 10. O-O Bxc3 11. Nb3 Qb4 12. a3 Qd6 13. bxc3 h6 14. Bf4 Qe7 15. c4 dxc4 16. Bxc4 a5 17. Bd3 a4 18. Nc5 1/2-1/2

[Event "25th Abu Dhabi Master 2018"]
[Site "Abu Dhabi"]
[Date "2018.08.13"]
[Round "7"]
[White "Srija, Seshadri"]
[Black "Byron, Alan M"]
[Result "1-0"]
[WhiteElo "2255"]
[BlackElo "2132"]
[Annotator "NA RC"]
[PlyCount "116"]
[EventDate "2018.08.05"]
[EventType "swiss"]
[EventCountry "UAE"]
[SourceTitle "playchess.com"]
[Source "ChessBase"]
[SourceQuality "1"]

1. e4 e5 2. Nf3 Nc6 3. Bb5 a6 4. Ba4 Nf6 5. d3 d6 6. c3 g6 7. Nbd2 Bg7 8. O-O b5 9. Bc2 Bb7 10. a4 O-O 11. Re1 Nb8 12. b4 Nbd7 13. Nb3 Rb8 14. axb5 axb5 15. c4 Ba8 16. Bd2 c5 17. bxc5 bxc4 18. dxc4 Nxc5 19. Nxc5 dxc5 20. Qc1 Nh5 21. Qa3 Qe7 22. Be3 Rfc8 23. Reb1 Rxb1+ 24. Rxb1 Nf4 25. Rb5 Ne2+ 26. Kf1 Nd4 27. Bxd4 exd4 28. Nd2 Bh6 29. Qh3 Qf8 30. Nb3 Bf4 31. Qg4 Bd6 32. f4 Rb8 33. e5 Rxb5 34. cxb5 Bc7 35. Qd7 Bb6 36. Bd3 Qb8 37. Bc4 Qb7 38. Bxf7+ Kg7 39. Qxb7 Bxb7 40. Bc4 Be4 41. Nd2 Bc2 42. Ke2 Bf5 43. Kf3 Kf8 44. Ne4 Ke7 45. Nf6 Ba5 46. Ne4 Bb6 47. Nd6 Be6 48. Bxe6 Kxe6 49. Ke4 Bc7 50. Nc4 h5 51. b6 Bb8 52. Na5 d3 53. Kxd3 Kd5 54. g3 g5 55. fxg5 Bxe5 56. b7 Bc7 57. Nc6 Kxc6 58. g6 Kd5 1-0

[Event "25th Abu Dhabi Master 2018"]
[Site "Abu Dhabi"]
[Date "2018.08.13"]
[Round "7"]
[White "Dixit, Nikhil"]
[Black "Jonkman, Harmen"]
[Result "1/2-1/2"]
[WhiteElo "2240"]
[BlackElo "2404"]
[Annotator "TA"]
[PlyCount "41"]
[EventDate "2018.08.05"]
[EventType "swiss"]
[EventCountry "UAE"]
[SourceTitle "playchess.com"]
[Source "ChessBase"]
[SourceQuality "1"]

1. e4 e5 2. Nf3 Nc6 3. Nc3 Nf6 4. d4 exd4 5. Nxd4 Bb4 6. Nxc6 bxc6 7. Bd3 d5 8. exd5 O-O 9. O-O Bg4 10. f3 Bh5 11. Bg5 Qd6 12. Qe1 cxd5 13. Qh4 Bxc3 14. bxc3 Bg6 15. Bxf6 Qxf6 16. Qxf6 gxf6 17. Rfd1 Rfb8 18. Rab1 Rb6 19. Rb3 Rd8 20. Kf2 Kf8 21. f4 1/2-1/2

[Event "25th Abu Dhabi Master 2018"]
[Site "Abu Dhabi"]
[Date "2018.08.13"]
[Round "7"]
[White "Adnan, Habib Hana"]
[Black "Aliyev, Ravan"]
[Result "0-1"]
[WhiteElo "2220"]
[BlackElo "2346"]
[Annotator "NA"]
[PlyCount "68"]
[EventDate "2018.08.05"]
[EventType "swiss"]
[EventCountry "UAE"]
[SourceTitle "playchess.com"]
[Source "ChessBase"]
[SourceQuality "1"]

1. d4 Nf6 2. Nf3 g6 3. Bg5 Bg7 4. Nbd2 O-O 5. Bxf6 Bxf6 6. e4 d6 7. c3 c5 8. dxc5 dxc5 9. Bc4 Nc6 10. O-O Qc7 11. Qe2 b6 12. Rfe1 Bb7 13. e5 Bg7 14. e6 f5 15. a3 Bf6 16. Qe3 Kg7 17. Rad1 Rad8 18. Ba2 Ba6 19. Bb1 Rd5 20. Nf1 Rfd8 21. Rxd5 Rxd5 22. h4 Ne5 23. Nxe5 Rxe5 24. Qg3 Rxe1 25. Qxc7 Rxb1 26. b4 cxb4 27. cxb4 Rxf1+ 28. Kh2 Rxf2 29. Kg3 Rf1 30. Kh2 Bd3 31. Qxa7 Be4 32. Qc7 Bxh4 33. Qxb6 Bg5 34. Qd4+ Kh6 0-1

[Event "25th Abu Dhabi Master 2018"]
[Site "Abu Dhabi"]
[Date "2018.08.13"]
[Round "7"]
[White "Parnali, S Dharia"]
[Black "Ivana Maria, Furtado"]
[Result "1/2-1/2"]
[WhiteElo "2218"]
[BlackElo "2146"]
[Annotator "TA"]
[PlyCount "35"]
[EventDate "2018.08.05"]
[EventType "swiss"]
[EventCountry "UAE"]
[SourceTitle "playchess.com"]
[Source "ChessBase"]
[SourceQuality "1"]

1. d4 Nf6 2. c4 c5 3. d5 b5 4. cxb5 a6 5. e3 axb5 6. Bxb5 Ba6 7. Bxa6 Nxa6 8. Nc3 g6 9. Nf3 d6 10. O-O Bg7 11. e4 O-O 12. Re1 Nd7 13. Bf4 Qb6 14. Re2 Nc7 15. Rc1 Nb5 16. Na4 Qa6 17. b3 e5 18. dxe6 1/2-1/2

[Event "25th Abu Dhabi Master 2018"]
[Site "Abu Dhabi"]
[Date "2018.08.13"]
[Round "7"]
[White "Bhambure, Shantanu"]
[Black "Saravana, Krishnan P"]
[Result "1-0"]
[WhiteElo "2194"]
[BlackElo "2348"]
[Annotator "TA"]
[PlyCount "83"]
[EventDate "2018.08.05"]
[EventType "swiss"]
[EventCountry "UAE"]
[SourceTitle "playchess.com"]
[Source "ChessBase"]
[SourceQuality "1"]

1. d4 Nf6 2. c4 e6 3. Nf3 b6 4. a3 Bb7 5. Nc3 g6 6. Qc2 c5 7. dxc5 bxc5 8. Bf4 Nh5 9. Be5 f6 10. Bg3 Nxg3 11. hxg3 f5 12. e3 Bg7 13. Be2 Qa5 14. Rc1 Nc6 15. O-O O-O 16. Rfd1 Rad8 17. Ne1 Ne5 18. b4 Qc7 19. Nb5 Qb6 20. Nd6 Ba8 21. b5 Qc7 22. a4 g5 23. Nf3 Bxf3 24. gxf3 Rf6 25. f4 gxf4 26. gxf4 Ng6 27. Bf3 Kh8 28. Qd2 Rg8 29. Kf1 Rb8 30. a5 Nf8 31. b6 axb6 32. a6 e5 33. Nb5 Qd8 34. a7 Rc8 35. fxe5 Rg6 36. Qd5 Qh4 37. a8=Q Rxa8 38. Qxa8 f4 39. e4 Bh6 40. Ke2 Qe7 41. Nd6 Rg8 42. Nf5 1-0

[Event "25th Abu Dhabi Master 2018"]
[Site "Abu Dhabi"]
[Date "2018.08.13"]
[Round "7"]
[White "Divya, Deshmukh"]
[Black "Daneshvar, Bardiya"]
[Result "1-0"]
[WhiteElo "2172"]
[BlackElo "2290"]
[Annotator "TA"]
[PlyCount "107"]
[EventDate "2018.08.05"]
[EventType "swiss"]
[EventCountry "UAE"]
[SourceTitle "playchess.com"]
[Source "ChessBase"]
[SourceQuality "1"]

1. e4 c6 2. d4 d5 3. Nd2 dxe4 4. Nxe4 Bf5 5. Ng3 Bg6 6. h4 h6 7. Nh3 Nf6 8. Nf4 Bh7 9. Bc4 e6 10. O-O Bd6 11. Re1 O-O 12. c3 Re8 13. Ngh5 Nxh5 14. Qxh5 Nd7 15. Bd2 Qf6 16. g3 e5 17. Ng2 exd4 18. cxd4 Nb6 19. Bb3 Qf5 20. Qxf5 Bxf5 21. Ne3 Be4 22. a4 a6 23. Ba5 Nd7 24. Rac1 Rac8 25. Ba2 Nf6 26. Bd2 Bb8 27. Bb4 Rcd8 28. Bc5 Bc7 29. Nc4 Bd5 30. Be7 b5 31. Bxd8 Rxe1+ 32. Rxe1 Bxd8 33. axb5 axb5 34. Ne5 Bxa2 35. Ra1 Bd5 36. Ra8 Kf8 37. Rxd8+ Ke7 38. Rb8 Ne4 39. Rb7+ Ke8 40. Rc7 Kd8 41. Ra7 f6 42. Nd3 Nd2 43. f4 g5 44. fxg5 fxg5 45. Ne5 gxh4 46. gxh4 Nb3 47. Rh7 Nxd4 48. Rxh6 Ke7 49. Kf2 c5 50. Rb6 b4 51. h5 Kf8 52. Nd7+ Kg7 53. h6+ Kh8 54. Nf6 1-0

[Event "25th Abu Dhabi Master 2018"]
[Site "Abu Dhabi"]
[Date "2018.08.13"]
[Round "7"]
[White "Srinivasa Rao, M.."]
[Black "Hakobyan, Eduard"]
[Result "1/2-1/2"]
[WhiteElo "2160"]
[BlackElo "2134"]
[Annotator "NA"]
[PlyCount "131"]
[EventDate "2018.08.05"]
[EventType "swiss"]
[EventCountry "UAE"]
[SourceTitle "playchess.com"]
[Source "ChessBase"]
[SourceQuality "1"]

1. e4 c6 2. d4 d5 3. Nd2 dxe4 4. Nxe4 Nf6 5. Nxf6+ exf6 6. c3 Bd6 7. Bd3 O-O 8. Ne2 Bg4 9. Qc2 Bxe2 10. Bxe2 Nd7 11. Be3 g6 12. O-O-O f5 13. Kb1 Qc7 14. g3 Nf6 15. Bd3 Rfe8 16. Rhe1 Nd5 17. Bc1 Qd7 18. Qd2 Reb8 19. Ka1 b5 20. h4 h5 21. Rg1 Bf8 22. f3 Bg7 23. Be2 Nf6 24. Qf4 Re8 25. Rg2 Qd5 26. Rdg1 a5 27. Qd2 a4 28. a3 Re6 29. g4 fxg4 30. fxg4 hxg4 31. Bxg4 Nxg4 32. Rxg4 Rae8 33. Qd1 Qb3 34. Qf1 Rf6 35. Rf4 Rxf4 36. Qxf4 Qd5 37. Qh2 Re6 38. Bg5 Qf3 39. Qc7 Kh7 40. Rc1 Re2 41. Qd7 f6 42. Qf7 Rf2 43. h5 fxg5 44. Qxg6+ Kh8 45. h6 Bf8 46. h7 Qf7 47. Qxg5 Rf6 48. Qe5 Bg7 49. Qe2 Kxh7 50. c4 bxc4 51. Qc2+ Kg8 52. Qxa4 Rf1 53. Rxf1 Qxf1+ 54. Ka2 Qd3 55. Qxc6 Qxd4 56. Qe8+ Bf8 57. Qg6+ Qg7 58. Qxg7+ Kxg7 59. a4 Kf7 60. a5 Ke6 61. a6 Bc5 62. b3 c3 63. b4 Bd4 64. Kb3 Kd5 65. a7 Bxa7 66. Kxc3 1/2-1/2

[Event "25th Abu Dhabi Master 2018"]
[Site "Abu Dhabi"]
[Date "2018.08.13"]
[Round "7"]
[White "Thompson, Ian D"]
[Black "Mansour, Sameer"]
[Result "0-1"]
[WhiteElo "2156"]
[BlackElo "2275"]
[Annotator "TA"]
[PlyCount "98"]
[EventDate "2018.08.05"]
[EventType "swiss"]
[EventCountry "UAE"]
[SourceTitle "playchess.com"]
[Source "ChessBase"]
[SourceQuality "1"]

1. c4 g6 2. Nc3 Bg7 3. g3 c5 4. Bg2 Nc6 5. Nf3 a6 6. Rb1 Rb8 7. a3 b5 8. cxb5 axb5 9. b4 cxb4 10. axb4 e5 11. e4 Nge7 12. O-O O-O 13. Re1 d6 14. d3 h6 15. h3 Be6 16. Bd2 Qd7 17. Kh2 f5 18. exf5 Nxf5 19. Ne4 g5 20. Bc3 g4 21. hxg4 Nfd4 22. Nxd4 exd4 23. Bd2 Bxg4 24. f3 Be6 25. f4 Ne7 26. Ra1 Rb6 27. Nf2 Nd5 28. Qe2 Bf7 29. Bh3 Qb7 30. Bg2 Qc7 31. Rec1 Nc3 32. Qg4 d5 33. Nd1 Rc6 34. Ra5 h5 35. Qg5 Rg6 36. Qf5 Rf6 37. Qg5 Rg6 38. Qf5 Be8 39. Bxd5+ Kh8 40. Qh3 h4 41. Ra8 Rh6 42. Qc8 hxg3+ 43. Kxg3 Qe7 44. Nxc3 dxc3 45. Rxc3 Qh4+ 46. Kf3 Qh1+ 47. Ke3 Qg1+ 48. Kf3 Bh5+ 49. Ke4 Qd4# 0-1

[Event "25th Abu Dhabi Master 2018"]
[Site "Abu Dhabi"]
[Date "2018.08.13"]
[Round "7"]
[White "Michelle Catherina, P."]
[Black "Mohota, Nisha"]
[Result "1-0"]
[WhiteElo "2153"]
[BlackElo "2268"]
[Annotator "TA"]
[PlyCount "167"]
[EventDate "2018.08.05"]
[EventType "swiss"]
[EventCountry "UAE"]
[SourceTitle "playchess.com"]
[Source "ChessBase"]
[SourceQuality "1"]

1. c4 e5 2. Nc3 d6 3. e4 Nc6 4. g3 g6 5. Bg2 Bg7 6. d3 h5 7. Nf3 Bg4 8. h3 Bxf3 9. Qxf3 Nd4 10. Qd1 h4 11. Ne2 Nxe2 12. Qxe2 c5 13. Bd2 Ne7 14. O-O Nc6 15. Bc3 Qd7 16. a3 O-O-O 17. Qg4 Qxg4 18. hxg4 Bh6 19. f4 hxg3 20. g5 Bg7 21. f5 f6 22. fxg6 fxg5 23. Bf3 Kb8 24. Kg2 Rh6 25. Bg4 Rxg6 26. Kxg3 Bf6 27. Rh1 Rg7 28. Rh6 Be7 29. Rah1 Kc7 30. Bd2 Rf8 31. Be3 Rf6 32. Rxf6 Bxf6 33. Rh6 Be7 34. Bf5 a6 35. Kg4 b5 36. cxb5 axb5 37. Rh8 Bd8 38. Kh5 g4 39. Bxg4 b4 40. Bh6 bxa3 41. bxa3 Rf7 42. Bf5 Kb6 43. Bc1 Ra7 44. Bb2 Ra5 45. Bd7 Bc7 46. Rg8 Rb5 47. Rg2 Rb3 48. Rd2 Rb5 49. Bc3 Rb3 50. Bb2 Kb7 51. Be6 Rb6 52. Bc4 Ka7 53. Rg2 Rb8 54. Bc3 Rh8+ 55. Kg4 Ba5 56. Bb2 Rh7 57. Kf5 Nd4+ 58. Bxd4 cxd4 59. Ke6 Rh6+ 60. Kd7 Bc3 61. Kc6 Rh7 62. Kxd6 Rh5 63. Kc6 Rh6+ 64. Kd5 Rh5 65. Rg7+ Kb6 66. Rg6+ Kc7 67. Re6 Rh1 68. a4 Ra1 69. Bb5 Re1 70. Rxe5 Rc1 71. Re6 Rh1 72. Kc5 Rh7 73. e5 Rg7 74. Kd5 Rh7 75. Rc6+ Kd8 76. Rg6 Rh5 77. Rg7 Kc8 78. Be8 Rh8 79. Bg6 Rd8+ 80. Kc6 Be1 81. e6 Bh4 82. e7 Bxe7 83. Rxe7 Rg8 84. Re8+ 1-0

[Event "25th Abu Dhabi Master 2018"]
[Site "Abu Dhabi"]
[Date "2018.08.13"]
[Round "7"]
[White "Moayed, Obied"]
[Black "Polakhare, Aryan"]
[Result "0-1"]
[WhiteElo "2146"]
[BlackElo "1957"]
[Annotator "NA"]
[PlyCount "197"]
[EventDate "2018.08.05"]
[EventType "swiss"]
[EventCountry "UAE"]
[SourceTitle "playchess.com"]
[Source "ChessBase"]
[SourceQuality "1"]

1. d4 Nf6 2. c4 e5 3. dxe5 Ng4 4. Bf4 Nc6 5. Nf3 Bb4+ 6. Nc3 Bxc3+ 7. bxc3 Qe7 8. Qd5 f6 9. exf6 Nxf6 10. Qd3 d6 11. g3 O-O 12. Bg2 Re8 13. O-O Bg4 14. Rfe1 Rad8 15. Nd4 Ne5 16. Qc2 c6 17. h3 Bc8 18. Qa4 a6 19. Rad1 Qf7 20. Bxe5 Rxe5 21. Nf3 Rc5 22. Rd4 Be6 23. Red1 Ne8 24. h4 h6 25. Qb4 Rc8 26. Rf4 Qe7 27. Nd4 Rc7 28. Re4 Re5 29. Rxe5 dxe5 30. Nxe6 Qxe6 31. Qc5 Re7 32. Rd8 Kf7 33. Kh2 Qf6 34. Qe3 Qe6 35. Qd3 e4 36. Qd4 Nf6 37. Bh3 Qe5 38. e3 Qa5 39. Qd2 Qa4 40. Rd4 c5 41. Rd8 Qxc4 42. Kg1 Qb5 43. Bf1 Qa4 44. Be2 Rd7 45. Bc4+ Ke7 46. Rxd7+ Qxd7 47. Qc2 g5 48. hxg5 hxg5 49. Be2 b5 50. Qb2 Qd6 51. Kg2 c4 52. a4 Qc5 53. axb5 axb5 54. Qb1 Kf7 55. Qc2 Qe5 56. Qb2 Nd7 57. Qb4 Qc5 58. Qa5 Qd5 59. Qc7 Ke7 60. Bg4 Qd6 61. Qb7 b4 62. Bxd7 Qxd7 63. Qxb4+ Ke8 64. Qxc4 Qf5 65. Qe2 g4 66. c4 Kd7 67. Qd2+ Kc6 68. Qd4 Qf3+ 69. Kg1 Qf5 70. c5 Kb5 71. Kf1 Qf3 72. Kg1 Qf5 73. Qc3 Qxc5 74. Qb3+ Ka5 75. Qe6 Qc1+ 76. Kg2 Qd1 77. Qxe4 Kb6 78. Qd4+ Qxd4 79. exd4 Kc6 80. f4 Kd5 81. f5 Kd6 82. Kf2 Ke7 83. Ke3 Kf6 84. Kf4 Kf7 85. Kxg4 Kg7 86. Kg5 Kf7 87. f6 Kg8 88. Kg6 Kf8 89. f7 Ke7 90. Kg7 Ke6 91. f8=Q Kd5 92. Qc5+ Ke6 93. d5+ Kf5 94. d6+ Kg4 95. d7 Kxg3 96. d8=Q Kf4 97. Qf6+ Ke4 98. Qe6+ Kf3 99. Qcf5+ 0-1

[Event "25th Abu Dhabi Master 2018"]
[Site "Abu Dhabi"]
[Date "2018.08.13"]
[Round "7"]
[White "Sarvesh Kumar, A."]
[Black "Navalgund, Niranjan"]
[Result "0-1"]
[WhiteElo "2145"]
[BlackElo "2255"]
[Annotator "RC"]
[PlyCount "158"]
[EventDate "2018.08.05"]
[EventType "swiss"]
[EventCountry "UAE"]
[SourceTitle "playchess.com"]
[Source "ChessBase"]
[SourceQuality "1"]

1. e4 c5 2. Nf3 Nc6 3. d4 cxd4 4. Nxd4 e5 5. Nb5 d6 6. N1c3 a6 7. Na3 b5 8. Nd5 Nge7 9. c4 Nd4 10. Nc2 Nxd5 11. cxd5 Nxc2+ 12. Qxc2 Bd7 13. Bd3 Be7 14. O-O Rc8 15. Qe2 Bg5 16. a4 bxa4 17. Bxg5 Qxg5 18. Bc2 O-O 19. Bxa4 Bh3 20. f3 Rb8 21. Rfc1 Bc8 22. Rc7 f5 23. Bd7 fxe4 24. fxe4 Bxd7 25. Rxd7 Rbc8 26. g3 Rf6 27. Rf1 Rxf1+ 28. Qxf1 Rf8 29. Qe2 Qg6 30. Rc7 h5 31. Rc3 Kh7 32. Rf3 Qg4 33. Kg2 Rf4 34. Re3 Qg6 35. Kh1 Rg4 36. Qf3 h4 37. Kg2 Rf4 38. Qe2 a5 39. Kh3 hxg3 40. hxg3 Rf8 41. Qg4 Rb8 42. Qxg6+ Kxg6 43. Ra3 Rb5 44. Kg4 Rb4 45. Kf3 a4 46. Rc3 Kg5 47. Rc6 Rb3+ 48. Kf2 Rxb2+ 49. Kf3 Rb3+ 50. Kf2 Rb2+ 51. Kf3 Rb3+ 52. Kf2 Kg4 53. Rxd6 g5 54. Ra6 a3 55. d6 Rxg3 56. Ke2 Rb3 57. d7 Rb8 58. Ke3 Rd8 59. Rxa3 Rxd7 60. Ra5 Re7 61. Ra1 Kh3 62. Kf2 Rf7+ 63. Ke3 g4 64. Rh1+ Kg2 65. Rh5 Re7 66. Rg5 g3 67. Rh5 Kg1 68. Ke2 g2 69. Ke1 Rf7 70. Ke2 Rf2+ 71. Ke1 Rf4 72. Rxe5 Kh2 73. Rh5+ Kg3 74. Rg5+ Kf3 75. e5 Re4+ 76. Kd2 Rxe5 77. Rxe5 g1=Q 78. Re2 Qd4+ 79. Ke1 Qa1+ 0-1

[Event "25th Abu Dhabi Master 2018"]
[Site "Abu Dhabi"]
[Date "2018.08.13"]
[Round "7"]
[White "Sultan, Ibrahim"]
[Black "Al Zaabi, Sultan"]
[Result "1-0"]
[WhiteElo "2140"]
[BlackElo "1945"]
[Annotator "NA"]
[PlyCount "51"]
[EventDate "2018.08.05"]
[EventType "swiss"]
[EventCountry "UAE"]
[SourceTitle "playchess.com"]
[Source "ChessBase"]
[SourceQuality "1"]

1. Nf3 Nf6 2. c4 e6 3. d4 b6 4. g3 Ba6 5. Qc2 Bb4+ 6. Bd2 Bxd2+ 7. Nbxd2 c5 8. d5 O-O 9. e4 Bb7 10. e5 Ne8 11. Bd3 f5 12. O-O-O b5 13. dxe6 dxe6 14. cxb5 a6 15. Bc4 axb5 16. Bxe6+ Kh8 17. Qxc5 Nc7 18. Bb3 Nba6 19. Qd6 Qc8 20. Kb1 Rd8 21. Ng5 Bd5 22. Bxd5 Nxd5 23. Qxd8+ Qxd8 24. Nf7+ Kg8 25. Nxd8 Rxd8 26. Nb3 1-0

[Event "25th Abu Dhabi Master 2018"]
[Site "Abu Dhabi"]
[Date "2018.08.13"]
[Round "7"]
[White "Jeet, Jain"]
[Black "Kigigha, Bomo"]
[Result "1-0"]
[WhiteElo "2136"]
[BlackElo "2317"]
[Annotator "NA"]
[PlyCount "79"]
[EventDate "2018.08.05"]
[EventType "swiss"]
[EventCountry "UAE"]
[SourceTitle "playchess.com"]
[Source "ChessBase"]
[SourceQuality "1"]

1. e4 e6 2. d4 d5 3. Nc3 Bb4 4. exd5 exd5 5. Bd3 Nf6 6. Nge2 O-O 7. O-O h6 8. a3 Ba5 9. b4 Bb6 10. Na4 Nc6 11. Nxb6 axb6 12. c3 Ne4 13. f3 Nd6 14. Ng3 Ne7 15. Qc2 Bd7 16. a4 Qe8 17. b5 Be6 18. Re1 Qd8 19. Ba3 Qd7 20. f4 f5 21. Bxd6 Qxd6 22. Qe2 Rf6 23. Nh5 Rg6 24. Kh1 Kf7 25. Qc2 Qd7 26. Re5 c5 27. Qe2 c4 28. Bc2 Nc8 29. Re1 Nd6 30. Ng3 Ne4 31. Bxe4 dxe4 32. Qh5 Qd6 33. Rxf5+ Bxf5 34. Nxf5 Qe6 35. Nh4 Qg4 36. Qd5+ Kf8 37. Nxg6+ Qxg6 38. Rxe4 Rc8 39. h3 Qf6 40. Qxb7 1-0

[Event "25th Abu Dhabi Master 2018"]
[Site "Abu Dhabi"]
[Date "2018.08.13"]
[Round "7"]
[White "Al Hosani, Omran"]
[Black "Rakshitta, Ravi"]
[Result "1/2-1/2"]
[WhiteElo "2135"]
[BlackElo "2198"]
[Annotator "TA"]
[PlyCount "103"]
[EventDate "2018.08.05"]
[EventType "swiss"]
[EventCountry "UAE"]
[SourceTitle "playchess.com"]
[Source "ChessBase"]
[SourceQuality "1"]

1. d4 Nf6 2. Nf3 e6 3. c4 d5 4. g3 Be7 5. Bg2 O-O 6. Qc2 a6 7. cxd5 exd5 8. Bf4 c6 9. O-O Nbd7 10. Nc3 Re8 11. Rab1 Nf8 12. b4 Ng6 13. Ne5 Nxf4 14. gxf4 Ng4 15. a4 f6 16. Nxg4 Bxg4 17. b5 axb5 18. axb5 Qd7 19. bxc6 bxc6 20. Rb6 Kh8 21. e3 Reb8 22. Rfb1 Rxb6 23. Rxb6 Ra1+ 24. Rb1 Bf5 25. Qb2 Rxb1+ 26. Nxb1 Qa7 27. Nd2 h6 28. Nf1 Bd3 29. Ng3 Bg6 30. f5 Bf7 31. Ne2 Bd6 32. Qc3 Qa4 33. Bf3 Be8 34. Qd3 Bd7 35. Qb1 Qa6 36. Bh5 Qb5 37. Qc2 Bc8 38. Nc3 Qa5 39. Bg6 Qa1+ 40. Kg2 Ba6 41. Nd1 Bb5 42. Bh5 Bb4 43. Be2 Qa6 44. Bxb5 cxb5 45. e4 Qb7 46. Qb3 Bd6 47. Nc3 dxe4 48. Qxb5 Qe7 49. Qd5 e3 50. fxe3 Qxe3 51. Qxd6 Qd2+ 52. Kg3 1/2-1/2

[Event "25th Abu Dhabi Master 2018"]
[Site "Abu Dhabi"]
[Date "2018.08.13"]
[Round "7"]
[White "Srihari, LR."]
[Black "Hamidi, Amir Mohammad"]
[Result "0-1"]
[WhiteElo "2135"]
[BlackElo "2299"]
[Annotator "NA"]
[PlyCount "59"]
[EventDate "2018.08.05"]
[EventType "swiss"]
[EventCountry "UAE"]
[SourceTitle "playchess.com"]
[Source "ChessBase"]
[SourceQuality "1"]

1. d4 e6 2. c4 d5 3. Nc3 Nf6 4. Nf3 c5 5. cxd5 Nxd5 6. e4 Nxc3 7. bxc3 cxd4 8. cxd4 Bb4+ 9. Bd2 Bxd2+ 10. Qxd2 O-O 11. Rc1 b6 12. Bd3 Bb7 13. O-O Nd7 14. Qe3 Nf6 15. Rfe1 Qe7 16. Bb1 Rac8 17. Rcd1 Rfd8 18. Qf4 h6 19. d5 exd5 20. exd5 Qd6 21. Qh4 Rc5 22. Re5 Rxd5 23. Rexd5 Bxd5 24. h3 Qc7 25. Nd4 Ba8 26. Bd3 Qe5 27. Bf1 g5 28. Qg3 Qxg3 29. fxg3 Ne4 30. Kh2 0-1

[Event "25th Abu Dhabi Master 2018"]
[Site "Abu Dhabi"]
[Date "2018.08.13"]
[Round "7"]
[White "Mohamed, Faisal"]
[Black "Pranavananda, V."]
[Result "1-0"]
[WhiteElo "2134"]
[BlackElo "2232"]
[Annotator "TA"]
[PlyCount "87"]
[EventDate "2018.08.05"]
[EventType "swiss"]
[EventCountry "UAE"]
[SourceTitle "playchess.com"]
[Source "ChessBase"]
[SourceQuality "1"]

1. e4 g6 2. d4 Bg7 3. Nc3 c6 4. Nf3 d5 5. h3 Nh6 6. Be2 O-O 7. O-O f6 8. b3 Nf7 9. Bb2 e6 10. Re1 Nd7 11. Bf1 Re8 12. Qd3 Nf8 13. Rad1 b6 14. Na4 Bb7 15. c4 Qc7 16. Nc3 dxe4 17. Nxe4 f5 18. Neg5 Nxg5 19. Nxg5 c5 20. Qc2 Bf6 21. Nf3 Bxf3 22. gxf3 Qg7 23. f4 Rad8 24. Rd3 Rd7 25. Bg2 Red8 26. Red1 Bxd4 27. Bc6 Rd6 28. Bg2 a5 29. a3 Qc7 30. Bxd4 Rxd4 31. Rxd4 cxd4 32. Qd2 a4 33. bxa4 Qxc4 34. a5 Qb5 35. axb6 Qxb6 36. a4 Qb3 37. a5 Qa4 38. Rc1 d3 39. Rc7 Qb5 40. Kh2 Qb8 41. Rc4 e5 42. Rc6 Rd6 43. a6 Kh8 44. a7 1-0

[Event "25th Abu Dhabi Master 2018"]
[Site "Abu Dhabi"]
[Date "2018.08.13"]
[Round "7"]
[White "Bartakke, Amardeep S"]
[Black "Patil, Pratik"]
[Result "1/2-1/2"]
[WhiteElo "2133"]
[BlackElo "1911"]
[Annotator "NA"]
[PlyCount "102"]
[EventDate "2018.08.05"]
[EventType "swiss"]
[EventCountry "UAE"]
[SourceTitle "playchess.com"]
[Source "ChessBase"]
[SourceQuality "1"]

1. e4 e5 2. Nf3 Nc6 3. Bc4 Bc5 4. c3 Nf6 5. d3 d6 6. Bb3 O-O 7. Nbd2 a6 8. Nf1 d5 9. Qe2 dxe4 10. dxe4 Ng4 11. Ne3 Na5 12. Nxg4 Bxg4 13. Bc2 Nc6 14. h3 Be6 15. O-O Qe7 16. a4 f6 17. b4 Bb6 18. Ba3 Qf7 19. Rfd1 Rfd8 20. Rxd8+ Rxd8 21. Rd1 Ra8 22. a5 Ba7 23. Bc1 g5 24. Bd3 Kh8 25. Nd2 Rd8 26. Nf1 Ne7 27. Kh2 Rg8 28. Be3 Bb8 29. Bc5 Ng6 30. Qh5 Qg7 31. Ne3 Nf4 32. Qf3 h5 33. Bc4 g4 34. Qg3 Bxc4 35. Nxc4 Qf7 36. Qh4 gxh3 37. g3 Rg4 38. Rd8+ Kh7 39. Nxe5 fxe5 40. Qe7 Qxe7 41. Bxe7 Ba7 42. gxf4 exf4 43. Bc5 Bxc5 44. bxc5 Rg2+ 45. Kxh3 Rxf2 46. Rd7+ Kg6 47. Rxc7 Rf3+ 48. Kh4 Rf1 49. Kh3 Rf3+ 50. Kh4 Rf1 51. Kh3 Rf3+ 1/2-1/2

[Event "25th Abu Dhabi Master 2018"]
[Site "Abu Dhabi"]
[Date "2018.08.13"]
[Round "7"]
[White "Villanueva, Nelson"]
[Black "Isha, Sharma"]
[Result "1-0"]
[WhiteElo "2133"]
[BlackElo "2145"]
[Annotator "NA"]
[PlyCount "101"]
[EventDate "2018.08.05"]
[EventType "swiss"]
[EventCountry "UAE"]
[SourceTitle "playchess.com"]
[Source "ChessBase"]
[SourceQuality "1"]

1. e4 d6 2. d4 Nf6 3. Nc3 e5 4. Nf3 Nbd7 5. Bc4 Be7 6. h3 O-O 7. O-O c6 8. a4 a5 9. Re1 Nb6 10. Bf1 Qc7 11. Be3 Re8 12. dxe5 dxe5 13. Nxe5 Bb4 14. Bxb6 Qxb6 15. Nc4 Qc5 16. e5 Bxc3 17. bxc3 Nd5 18. Qd4 Qe7 19. Nd6 Rd8 20. Bc4 Be6 21. Rab1 Rd7 22. Bxd5 Bxd5 23. c4 Be6 24. c5 Qg5 25. Re3 Qg6 26. Rb2 Ra7 27. Rg3 Qh6 28. f4 Qh4 29. Qf2 Kh8 30. Rd3 Qxf2+ 31. Kxf2 f5 32. Ke3 g6 33. c4 Kg8 34. Rdb3 Rc7 35. Rxb7 Raxb7 36. Rxb7 Rxb7 37. Nxb7 Bxc4 38. Nxa5 Bd5 39. g3 Kf8 40. Kd4 Ke7 41. Nc4 Kd8 42. Nd6 Be6 43. Kc3 Kc7 44. Kb4 Kb8 45. h4 h6 46. Nc4 Kb7 47. Ne3 Kc7 48. Nc2 Bd5 49. Nd4 Kc8 50. a5 Kc7 51. h5 1-0